ბათუმის შოთა რუსთაველის სახელმწიფო უნივერსიტეტის ბიბლიოთეკა

Предупреждение аварий и ремонт подводных трубопроводов. (ბიბ.ჩანაწერი № 36972)

000 -LEADER
fixed length control field 00669nam a2200205Ia 4500
001 - CONTROL NUMBER
control field 2924
003 - CONTROL NUMBER IDENTIFIER
control field GE_BSU
008 - FIXED-LENGTH DATA ELEMENTS--GENERAL INFORMATION
fixed length control field 181216s||||||||xx |||||||||||||| ||und||
040 ## - CATALOGING SOURCE
Transcribing agency GE_BSU
080 ## - UNIVERSAL DECIMAL CLASSIFICATION NUMBER
Universal Decimal Classification number 621.644.004
100 ## - MAIN ENTRY--PERSONAL NAME
Personal name Левин,С.И.
245 ## - TITLE STATEMENT
Title Предупреждение аварий и ремонт подводных трубопроводов.
245 ## - TITLE STATEMENT
Statement of responsibility, etc. Вед. ред. Г.В.Растова.
260 ## - PUBLICATION, DISTRIBUTION, ETC.
Place of publication, distribution, etc. М.
260 ## - PUBLICATION, DISTRIBUTION, ETC.
Name of publisher, distributor, etc. Гостоптехиздат.
260 ## - PUBLICATION, DISTRIBUTION, ETC.
Date of publication, distribution, etc. 1963.
300 ## - PHYSICAL DESCRIPTION
Extent 184 стр. 21 см.
653 ## - INDEX TERM--UNCONTROLLED
Uncontrolled term Предупреждение аварий и ремонт подводных трубопроводов.
942 ## - ADDED ENTRY ELEMENTS (KOHA)
Koha item type წიგნი
ეგზემპლარები
Withdrawn status Lost status Damaged status Not for loan Date acquired Barcode Date last seen Price effective from Koha item type
        2018-12-17 9351 2018-12-17 2018-12-17 წიგნი